| 000 | 01089cam a2200301 a 4500 | ||
|---|---|---|---|
| 001 | 14857476 | ||
| 003 | OSt | ||
| 005 | 20230602133145.0 | ||
| 008 | 070521s2007 ke ab b f000 0 eng | ||
| 010 | _a 2007380618 | ||
| 020 | _a9966767088 | ||
| 040 |
_aDLC _cDLC _dDLC |
||
| 042 | _alcode | ||
| 043 | _af-ke--- | ||
| 050 | 0 | 0 |
_aHD7063.5 _b.B366 2007 |
| 245 | 0 | 0 |
_aBasic report on well-being in Kenya : _bbased on Kenya integrated household budget survey, 2005/06. |
| 260 |
_aNairobi, Kenya : _bKenya National Bureau of Statistics, _cc2007. |
||
| 300 |
_a104 p. : _bill. (some col.), col. maps ; _c30 cm. |
||
| 500 | _a"April 2007." | ||
| 504 | _aIncludes bibliographical references (p. 100-101). | ||
| 650 | 0 |
_aCost and standard of living _zKenya. |
|
| 650 | 0 |
_aHousehold surveys _zKenya. |
|
| 710 | 2 | _aKenya National Bureau of Statistics. | |
| 856 | 4 | 1 |
_3Table of contents only _uhttp://www.loc.gov/catdir/toc/fy0803/2007380618.html |
| 906 |
_a7 _bcbc _corigode _d3 _encip _f20 _gy-gencatlg |
||
| 942 |
_2ddc _cBK |
||
| 999 |
_c145 _d145 |
||